Ktoré salámy si kúpime?

Na minha lista:
Detalhes bibliográficos
Autor principal: Lacková, Alica
Outros Autores: Horváthová, Zuzana
Formato: Capítulo de Livro
Idioma:eslovaco
Tags: Adicionar Tag
Sem tags, seja o primeiro a adicionar uma tag!

MARC

LEADER 00000naa a2200000 4500
001 0144486
005 20240618121707.6
041 0 |a slo 
044 |a SK 
245 1 0 |a Ktoré salámy si kúpime?  |c Alica Lacková, Zuzana Horváthová 
100 1 |a Lacková, Alica 
700 1 |a Horváthová, Zuzana